00899nem a2200217 u 450000500170000000800410001704000250005804100080008304400070009111000820009824502410018025500170042126000960043830000320053465000180056665000180058465000160060265000120061871000230063071000280065320200104041743.0160511b2000 c ||||| |a|| 00| 0 spa d aCO-BoIAVHcCO-BoIAVH aspa ack2 aInstituto de Investigación de Recursos Biológicos Alexander von Humboldt.1 aAreas en mejor estado de conservación de la cordillera Oriental ;bProyecto ECO- REGIONAL Andino identificación de areas prioritarias para la conservación en los bosques montanos de la Cordillera Oriental h[Material Cartografico] a1:3´500.000 aBogotabInstituto de Investigación de Recursos Biológicos Alexander von Humboldt.c2000 a1 mapabcolor.c42 x 28 cm.16aHidrografía16aZonas Urbanas16aGeografía16aBosques1 aFundación natura1 aThe Natura conservancy